ბათუმის შოთა რუსთაველის სახელმწიფო უნივერსიტეტის ბიბლიოთეკა

Histoire de la littèrature française des origines à nos jours / (ბიბ.ჩანაწერი № 40948)

000 -LEADER
fixed length control field 00777nam a2200217Ia 4500
001 - CONTROL NUMBER
control field 7595
003 - CONTROL NUMBER IDENTIFIER
control field GE_BSU
005 - DATE AND TIME OF LATEST TRANSACTION
control field 20230410144701.0
008 - FIXED-LENGTH DATA ELEMENTS--GENERAL INFORMATION
fixed length control field 181216s2009||||fr |||||||||||||| ||fre||
020 ## - INTERNATIONAL STANDARD BOOK NUMBER
International Standard Book Number 9789941409769
040 ## - CATALOGING SOURCE
Transcribing agency GE_BSU
041 ## - LANGUAGE CODE
Language code of text/sound track or separate title fre
080 ## - UNIVERSAL DECIMAL CLASSIFICATION NUMBER
Universal Decimal Classification number 821:133:1 S-63
100 ## - MAIN ENTRY--PERSONAL NAME
Personal name Sioridze, Marina
9 (RLIN) 17584
245 ## - TITLE STATEMENT
Title Histoire de la littèrature française des origines à nos jours /
Statement of responsibility, etc. Marina Sioridze ; რედ. მზია ბაქრაძე.
260 ## - PUBLICATION, DISTRIBUTION, ETC.
Place of publication, distribution, etc. ბათუმი :
Name of publisher, distributor, etc. ბსუ-ს გამ-ბა,
Date of publication, distribution, etc. 2009.
300 ## - PHYSICAL DESCRIPTION
Extent 119 გვ. ;
Dimensions 20 სმ.
653 ## - INDEX TERM--UNCONTROLLED
keyword Histoire de la littèrature française des origines à nos jours
700 ## - ADDED ENTRY--PERSONAL NAME
Personal name ბაქრაძე, მზია
Relator term რედაქტორი
9 (RLIN) 3437
942 ## - ADDED ENTRY ELEMENTS (KOHA)
Koha item type წიგნი
Source of classification or shelving scheme
ეგზემპლარები
Withdrawn status Lost status Source of classification or shelving scheme Damaged status Not for loan Permanent Location Current Location Shelving location Date acquired Cost, normal purchase price Full call number Barcode Date last seen Copy number Price effective from Koha item type Public note
          ბათუმის შოთა რუსთაველის სახელმწიფო უნივერსიტეტის მთავარი ბიბლიოთეკა ბათუმის შოთა რუსთაველის სახელმწიფო უნივერსიტეტის მთავარი ბიბლიოთეკა წიგნსაცავი 2018-12-17 5.00 821:133:1 S-63 23460 2018-12-17 23460 2018-12-17 წიგნი 5.00 GEL.
          ბათუმის შოთა რუსთაველის სახელმწიფო უნივერსიტეტის მთავარი ბიბლიოთეკა ბათუმის შოთა რუსთაველის სახელმწიფო უნივერსიტეტის მთავარი ბიბლიოთეკა წიგნსაცავი 2018-12-17 5.00 821:133:1 S-63 58071 2018-12-17 58071 2018-12-17 წიგნი 5.00 GEL.